000 00528 a2200193 4500
005 20260421095910.0
008 260420b |||||||| |||| 00| 0 eng d
020 _a9788198176202
_cRs. 2495.00
040 _aMAIN
082 _a352.380954
_bM471R
100 _aMeena, Pooran Mal
245 _aRight to information: Privacy and good governance
260 _bParadise Publishers
_c2025
_aJaipur
300 _a250
650 _aPublic Administration
650 _aInformation Services
650 _aGovernance
942 _cBK
999 _c395281
_d395281